Nový vlastník Košického pivovaru neoživí výrobu piva

Bibliographic Details
Corporate Author: Košický pivovar (Košice, Slovensko) (Author)
Format: Article
Language:Slovak
Subjects:

MARC

LEADER 00000nab a2200000 a 4500
001 vtls000926803
003 SK-MaSNL
005 20260303033321.0
008 040720e20000000xo 0 slo
035 |a KE35680 
040 |a KEVKJB  |b slo  |c KEVKJB  |e AACR2 
041 0 |a slo 
044 |a xo  |c SK 
080 |a 663.4  |2 1981 
080 |a 330.117  |2 1981 
245 0 0 |a Nový vlastník Košického pivovaru neoživí výrobu piva 
610 2 7 |a Košický pivovar (Košice, Slovensko)  |2 KEVKJB  |9 94858 
650 0 7 |a privatizácia  |2 KEVKJB  |9 2343 
651 7 |a KE,  |2 KEVKJB  |9 877256 
655 7 |a periodikum  |2 snkbucl  |9 29553 
710 2 |a Košický pivovar (Košice, Slovensko)  |4 aut  |9 94858 
773 0 8 |t Trend  |g Roč. 10  |g Roč. 28, č.32 (2000), s. 2 
773 0 8 |i Príl.:  |t Fakt. - Č. 32 (2000) 
852 |a ZVYKNI  |b KIS3GCP 
999 |c 1669521  |d 1671451